000 00669nam a2200229Ia 4500
001 51565
005 20240114005232.0
007 ta
008 091027s2008 g b000 u 465 u
040 _aCotton College
041 _a465
082 _a320
_bBh 469 Po
100 _aBhattacharya, Debendra Nath .
245 0 _aPolitical Science(optional) for ACS Main Examination 2008 /
_cD.N. Bhattacharya.
_hTextual Documents
250 _a1st ed /
260 _aGuwahati :
_bChandra Prakash ,
_c2008.
300 _a283 ;
653 _aPolitical Science,Current Awareness Service,Competitive Test
942 _2ddc
_cBK
999 _c51530
_d51530